El cálculo económico en una economía socialista (Registro nro. 5214)
[ vista simple ]
| 000 -LEADER | |
|---|---|
| fixed length control field | 00965 a2200193 4500 |
| 001 - CONTROL NUMBER | |
| control field | 53359 |
| 005 - DATE AND TIME OF LATEST TRANSACTION | |
| control field | 20260407155808.0 |
| 008 - FIXED-LENGTH DATA ELEMENTS--GENERAL INFORMATION | |
| fixed length control field | 260407a1965 arg spa d |
| 003 - CONTROL NUMBER IDENTIFIER | |
| control field | AR-UNSa-BCEJYS |
| 040 ## - CATALOGING SOURCE | |
| Original cataloging agency | AR-UNSa-BCEJYS |
| Language of cataloging | spa |
| Transcribing agency | AR-UNSa-BCEJYS |
| 080 ## - UNIVERSAL DECIMAL CLASSIFICATION NUMBER | |
| Universal Decimal Classification number | 330.342.15 |
| Common auxiliary subdivision | Economía socialista. Economía comunista |
| 100 1# - MAIN ENTRY--PERSONAL NAME | |
| Personal name | Dobb, Maurice |
| 245 10 - TITLE STATEMENT | |
| Title | El cálculo económico en una economía socialista |
| 264 #1 - PRODUCTION, PUBLICATION, DISTRIBUTION, MANUFACTURE, AND COPYRIGHT NOTICE | |
| Place of production, publication, distribution, manufacture | Barcelona : |
| Name of producer, publisher, distributor, manufacturer | Ediciones Ariel |
| Date of production, publication, distribution, manufacture, or copyright notice | 1965 |
| 300 ## - PHYSICAL DESCRIPTION | |
| Extent | 157 p. |
| Dimensions | 18 cm. |
| 505 ## - FORMATTED CONTENTS NOTE | |
| Formatted contents note | 1. Tres artículos sobre el problema del cálculo económico en una economía socialista - 2. La teoría económica y los problemas de una economía socialista(1933) - 3. Una nota sobre el ahorro y la inversión en una economía socialista(1939) - 4. Revisión de la discusión sobre el cálculo económico en una economía socialista(1953) - 5. Los economistas y la teoría económica del socialismo |
| 590 ## - LOCAL NOTE (RLIN) | |
| Local note | niveau_biblio:m niveau_hierar:0 |
| 942 ## - ADDED ENTRY ELEMENTS (KOHA) | |
| Koha item type | |
| Withdrawn status | Lost status | Damaged status | Not for loan | Home library | Current library | Shelving location | Date acquired | Total checkouts | Full call number | Barcode | Date last seen | Price effective from | Koha item type |
|---|---|---|---|---|---|---|---|---|---|---|---|---|---|
| Biblioteca Prof. Eusebio Cleto del Rey | Biblioteca Prof. Eusebio Cleto del Rey | 07/04/2026 | 330.342.15 D632 | L23797 | 07/04/2026 | 07/04/2026 | Libro | ||||||
| Biblioteca Prof. Eusebio Cleto del Rey | Biblioteca Prof. Eusebio Cleto del Rey | 07/04/2026 | 330.342.15 D632 | L23257 | 07/04/2026 | 07/04/2026 | Libro |